| 000 | 00528nam a2200145Ia 4500 | ||
|---|---|---|---|
| 005 | 20240814120936.0 | ||
| 008 | 240813s9999||||xx |||||||||||||| ||und|| | ||
| 082 | _a703 THA | ||
| 245 | 4 | _aThe Picture encyclopaedia of art : a comprehensive servey of painting, sculpture, architecture and crafts, their methods, style and technical terms, from the earliest times to the | |
| 250 | _arev ed | ||
| 260 |
_aLondon _bThames and Hudson _c196 |
||
| 300 | _a583p | ||
| 650 | _aArts, crafts, music, sports and recreations | ||
| 942 | _cBK | ||
| 999 |
_c19949 _d19949 |
||